00563nam a2200193Ia 4500003000900000008004100009020001800050040001600068080001200084100002900096245006000125250001200185260003200197300001100229650001600240942000700256999001700263952008900280IN-BaIIA211028s9999 xx 000 0 eng d a0-03-005932-1 cIIA Library a53bSER aSerway, Raymand A935675 0aPhysics for scientists and engineerscRaymand A. Serway a4th ed. aU.S.AbJohn Vondelingc1996 a1188p. aPhysics973 cBK c18601d18601 00104070aBANbKODcGENd2013-05-01l0o53/ SERp19523r2021-11-05w2013-05-01yBK